| 000 | 00919nam a2200265 i 4500 | ||
|---|---|---|---|
| 001 | 97610 | ||
| 003 | ES-MaACL | ||
| 005 | 20250522202952.0 | ||
| 007 | t| | ||
| 008 | 050714s1985 sp ||||1| spa d | ||
| 020 | _a84-7456-306-2 | ||
| 100 | 1 |
_aMarch, Ausiàs, _dca. 1397-1459 _9149221 |
|
| 245 | 1 | 0 |
_aCanto espiritual _b: precedido de tercer canto de muerte / _cAusias March; traducción de Juan Ramón Masoliver; edición y prólogo de Josep Miquel Sobré. |
| 250 | _a1ª ed. | ||
| 260 |
_aBarcelona : _bEdicions del Mall, _c1985. |
||
| 300 |
_a115 p. ; _c22 cm. |
||
| 490 | 1 | _aMarca Hispánica | |
| 500 | _aTexto paralelo en catalan y en castellano. | ||
| 504 | _aBibliografía. | ||
| 700 | 1 |
_aMasoliver, Juan Ramón, _d1910-1997 _978748 |
|
| 700 | 1 |
_aSobré, Miquel Josep. _9106994 |
|
| 830 | 0 |
_aMarca Hispánica _9184427 |
|
| 852 |
_aES-MaACL _jL-11101 _bR.111506 |
||
| 999 |
_c97610 _d97610 |
||